00844 2200289 4500001002100000005001500021035002000036007000300056008004100059020000600100082001400106084002000120100001400140245010600154300002900260650001500289650001200304110005400316651001300370264006400383336002100447337003000468338002300498990001100521990001100532990001100543INLIS00000000001826520221005105607 a0010-1022000039ta221005 g 0 ind  a- a959.803 5 a959.803 5 DIN b ePengarang1 aBuku Panduan Rumah Kediaman Bung Karno :bSelama Pengasingan di Bengkulu (1938-1942) /cH. Hasanuddin a45 :bIlustrasi ;c21 Cm 4aBung Karno 4aSejarah0 aDinas Kebudayaan dan Pariwisata Provinsi Bengkulu 4aBengkulu aBengkulu :b[Tempat Publikasi Tidak Teridentifikasi],c2004 2rdacontentaTeks 2rdamediaaTanpa Perantara 2rdacarrieraLembar a071653 a071654 a071655